Conceptual Problems in Organic Chemistry/ (Record no. 77139)

MARC details
000 -LEADER
fixed length control field 00653nam a22002057a 4500
005 - DATE AND TIME OF LATEST TRANSACTION
control field 20130702152314.0
010 ## - LCCN (DPL NO)
LC control number B-508948-949
020 ## - INTERNATIONAL STANDARD BOOK NUMBER
International Standard Book Number 9788131759875
Terms of availability 299.00
035 ## - SYSTEM CONTROL NUMBER
System control number B-508948-949
037 ## - SOURCE OF ACQUISITION
Stock number dpl
Source of stock number/acquisition KBD/Ven
082 ## - DEWEY DECIMAL CLASSIFICATION NUMBER
Classification number 547
100 ## - MAIN ENTRY--PERSONAL NAME
Personal name Singh, D.K.
245 ## - TITLE STATEMENT
Title Conceptual Problems in Organic Chemistry/
Statement of responsibility, etc by D.K. Singh
250 ## - EDITION STATEMENT
Edition statement 2nd
260 ## - PUBLICATION, DISTRIBUTION, ETC. (IMPRINT)
Place of publication, distribution, etc New Delhi
Name of publisher, distributor, etc Pearson
Date of publication, distribution, etc 2013
270 ## - ADDRESS
Address 11 Community Centre, Panchsheel Park,
City New Delhi
Postal code 110017
300 ## - PHYSICAL DESCRIPTION
Extent 410p.
Dimensions 23cm(pbk)
942 ## - ADDED ENTRY ELEMENTS (KOHA)
Source of classification or shelving scheme Dewey Decimal Classification
Item type English Books
Classification part 547
Call number suffix SIN
Holdings
Withdrawn status Lost status Not for loan Collection code Home library Current library Date acquired Source of acquisition Cost, normal purchase price Full call number Barcode Copy number Cost, replacement price Koha item type
      Non-fiction Sarojini Nagar Sarojini Nagar 02/07/2013 KBD/BL20/19.03.2013/171/08.01.2013/22.3.2013 299.00 547 SIN B-508948 1 299.00 English Books
    Not For Loan Non-fiction South Zone Lib (REF) South Zone Lib (REF) 02/07/2013 KBD/BL20/19.03.2013/171/08.01.2013/22.3.2013 299.00 547 SIN B-508949 1 299.00 English Books

© Delhi Public Library
Hit Counter
free hit counter